00209nam a22000857a 4500008004100000100001700041245002400058260003300082300000800115240618b |||||||| |||| 00| 0 eng d aC.B. Mamoria aPersonal Management aBombaybHimalayan Pub.c1998 a978